Normal view
MARC view
- Computational Sciences & Engineering
Entry Topical Term
001 - CONTROL NUMBER
- control field: 1391
003 - CONTROL NUMBER IDENTIFIER
- control field: NUST
005 - DATE AND TIME OF LATEST TRANSACTION
- control field: 20170524115511.0
008 - FIXED-LENGTH DATA ELEMENTS
- fixed length control field: 170524|| aca||aabn | a|a d
040 ## - CATALOGING SOURCE
- Original cataloging agency: NUST
- Transcribing agency: NUST
150 ## - HEADING--TOPICAL TERM
- Topical term or geographic name entry element: Computational Sciences & Engineering
670 ## - SOURCE DATA FOUND
- Source citation: Work cat.: (NUST): Malik Ikram Shoukak 1390, MS/ Thesis : Structural Increment Systems for 6- Vertex nido-Phosphacarboranes , c2017
